[Event "Ricany op"]
[Site "Ricany"]
[Date "2023.08.29"]
[Round "5"]
[White "Vavrinec, Tomas"]
[Black "Cermak, Filip"]
[Result "1-0"]
[WhiteElo "1847"]
[BlackElo "1403"]
[PlyCount "85"]
[EventDate "2023.08.26"]
[EventType "swiss"]
[EventRounds "9"]
[EventCountry "CZE"]
[SourceTitle "EXT 2024"]
[Source "ChessBase"]
[SourceDate "2023.10.10"]
[SourceVersion "1"]
[SourceVersionDate "2023.10.10"]
[SourceQuality "1"]

1. Nf3 f5 2. c4 Nf6 3. Nc3 g6 4. g3 Bg7 5. Bg2 0-0 6. 0-0 d6 7. d3 e5 8. Rb1 c6 9. b4 Nbd7 10. Bb2 Qe8 11. a4 d5 12. cxd5 Nxd5 13. Qb3 Qf7 14. Ng5 Qe7 15. Nxd5 cxd5 16. Bxd5+ Kh8 17. Ne6 Rf6 18. f4 Rxe6 19. Bxe6 Nc5 20. bxc5 Bxe6 21. Qc3 Rc8 22. Rbc1 Bd5 23. fxe5 b6 24. Qd4 Rd8 25. Qh4 Qxh4 26. gxh4 Bh6 27. Kf2 Bxc1 28. Rxc1 Rc8 29. cxb6 Rxc1 30. Bxc1 axb6 31. Be3 Bb3 32. Bxb6 Bxa4 33. Ke3 Kg7 34. Kd4 Kf7 35. Kd5 Bb3+ 36. Kd6 h6 37. Bd8 Ke8 38. Bf6 Bd1 39. e3 Bb3 40. h5 g5 41. Bg7 f4 42. exf4 gxf4 43. Bxh6 1-0

[Event "Ricany op"]
[Site "Ricany"]
[Date "2023.08.26"]
[Round "1"]
[White "Vavrinec, Tomas"]
[Black "Borecky, Andrej"]
[Result "1-0"]
[WhiteElo "1847"]
[BlackElo "1394"]
[PlyCount "37"]
[EventDate "2023.08.26"]
[EventType "swiss"]
[EventRounds "9"]
[EventCountry "CZE"]
[SourceTitle "EXT 2024"]
[Source "ChessBase"]
[SourceDate "2023.10.10"]
[SourceVersion "1"]
[SourceVersionDate "2023.10.10"]
[SourceQuality "1"]

1. Nf3 f5 2. g3 Nc6 3. c4 e5 4. d3 Bc5 5. Nc3 d6 6. Bg2 Nf6 7. 0-0 0-0 8. Bg5 h6 9. Bxf6 Qxf6 10. Nd5 Qf7 11. Rb1 a5 12. a3 f4 13. b4 axb4 14. axb4 Ba7 15. b5 Nd4 16. b6 Nxf3+ 17. Bxf3 cxb6 18. Nxb6 Rb8 19. Nxc8 1-0

[Event "Mid Bohemia Region-chT 2223"]
[Site "Czech Republic"]
[Date "2022.10.09"]
[Round "1.7"]
[White "Vavrinec, Tomas"]
[Black "Kastner, Jan"]
[Result "0-1"]
[WhiteElo "1905"]
[BlackElo "1954"]
[PlyCount "56"]
[EventDate "2022.10.09"]
[EventType "team-tourn"]
[EventRounds "11"]
[EventCountry "CZE"]
[SourceTitle "EXT 2024"]
[Source "ChessBase"]
[SourceDate "2023.10.10"]
[SourceVersion "1"]
[SourceVersionDate "2023.10.10"]
[SourceQuality "1"]
[WhiteTeam "Ricany III"]
[BlackTeam "Nymburk Sokol"]
[WhiteTeamCountry "CZE"]
[BlackTeamCountry "CZE"]

1. Nf3 d5 2. c4 e6 3. g3 Nf6 4. Bg2 c6 5. 0-0 Be7 6. b3 Nbd7 7. Bb2 b6 8. d3 Bb7 9. Nbd2 c5 10. cxd5 exd5 11. Nh4 0-0 12. Nf5 Re8 13. Nxe7+ Qxe7 14. Re1 Ne5 15. d4 Neg4 16. e3 Rad8 17. h3 Nh6 18. Qf3 Ne4 19. Nxe4 dxe4 20. Qh5 f6 21. Rac1 Rd5 22. Qe2 cxd4 23. Bxd4 Nf5 24. Qc4 b5 25. Qc7 Nxd4 26. exd4 Rxd4 27. Qf4 Qd8 28. Rc7 e3 0-1

[Event "Ricany op 20th"]
[Site "Ricany"]
[Date "2022.08.27"]
[Round "1"]
[White "Vavrinec, Tomas"]
[Black "Jankovsky, Zbynek"]
[Result "1/2-1/2"]
[WhiteElo "1911"]
[BlackElo "1552"]
[PlyCount "69"]
[EventDate "2022.08.27"]
[EventType "swiss"]
[EventRounds "9"]
[EventCountry "CZE"]
[SourceTitle "CBM 210 Extra"]
[Source "ChessBase"]
[SourceDate "2022.11.30"]
[SourceVersion "1"]
[SourceVersionDate "2022.11.30"]
[SourceQuality "1"]

1. c4 b6 2. Nc3 Bb7 3. e4 e6 4. a3 d5 5. cxd5 exd5 6. exd5 Bxd5 7. Nxd5 Qxd5 8. Qa4+ c6 9. Nf3 b5 10. Qc2 Nf6 11. Be2 Be7 12. 0-0 0-0 13. d4 Nbd7 14. Rd1 Ne4 15. b4 f5 16. Bb2 Rac8 17. Rac1 Kh8 18. Bd3 Bf6 19. Re1 g6 20. Ne5 Nxe5 21. dxe5 Bxe5 22. Bxe4 fxe4 23. Rcd1 Qa2 24. Re2 Bxb2 25. Qxb2+ Qxb2 26. Rxb2 Rf6 27. Re2 c5 28. bxc5 Rxc5 29. Rxe4 Ra6 30. h4 Rc7 31. Rd5 Rxa3 32. Rxb5 Rcc3 33. h5 Kg8 34. Re8+ Kf7 35. Ra8 1/2-1/2

[Event "Ricany op"]
[Site "Ricany"]
[Date "2020.08.22"]
[Round "1"]
[White "Vavrinec, Tomas"]
[Black "Hozda, Max"]
[Result "1-0"]
[WhiteElo "1927"]
[BlackElo "1630"]
[PlyCount "63"]
[EventDate "2020.08.22"]
[EventType "swiss"]
[EventRounds "9"]
[EventCountry "CZE"]
[SourceTitle "CBM 198 Extra"]
[Source "ChessBase"]
[SourceDate "2020.11.30"]
[SourceVersion "1"]
[SourceVersionDate "2020.11.30"]
[SourceQuality "1"]

1. c4 c6 2. Nf3 d5 3. g3 Nf6 4. Bg2 e6 5. 0-0 Be7 6. b3 0-0 7. Bb2 Nbd7 8. d3 Qb6 9. Nbd2 Rd8 10. Qc2 Ne8 11. e4 dxe4 12. dxe4 f6 13. e5 f5 14. Rfd1 Nf8 15. a3 c5 16. Rac1 Bd7 17. b4 a6 18. Rb1 Qc7 19. Bc3 cxb4 20. axb4 Bc6 21. Qb3 g6 22. Bf1 Ng7 23. Nd4 Be8 24. c5 Rac8 25. Nc4 Bf7 26. Nd6 Rb8 27. Bc4 Rd7 28. Bb2 Rdd8 29. Ba3 Bxd6 30. cxd6 Qb6 31. b5 a5 32. Bc1 1-0

[Event "Ricany op-A"]
[Site "Ricany"]
[Date "2019.08.30"]
[Round "8"]
[White "Nemecek, Lukas"]
[Black "Vavrinec, Tomas"]
[Result "1/2-1/2"]
[WhiteElo "1778"]
[BlackElo "1994"]
[PlyCount "85"]
[EventDate "2019.08.24"]
[EventType "swiss"]
[EventRounds "9"]
[EventCountry "CZE"]
[SourceTitle "EXT 2020"]
[Source "ChessBase"]
[SourceDate "2019.10.17"]
[SourceVersion "1"]
[SourceVersionDate "2019.10.17"]
[SourceQuality "1"]

1. e4 e6 2. d4 d5 3. exd5 exd5 4. c4 Bb4+ 5. Nc3 Nf6 6. Bd3 0-0 7. Nge2 dxc4 8. Bxc4 Nbd7 9. 0-0 Nb6 10. Bb3 c6 11. Bg5 Be7 12. Qd3 Nfd5 13. Bxe7 Nxe7 14. Ng3 Nbd5 15. Rad1 Be6 16. Nxd5 Bxd5 17. Bc2 g6 18. Rfe1 Qd7 19. Nh5 f6 20. Nf4 Rfe8 21. Nxd5 Nxd5 22. Bb3 Kg7 23. Qf3 Nb6 24. h3 Rad8 25. Rxe8 Qxe8 26. d5 cxd5 27. Bxd5 Qe5 28. Bxb7 Rxd1+ 29. Qxd1 Qxb2 30. Bd5 Qe5 31. Bb3 Qc7 32. Qd4 Qc1+ 33. Kh2 Qc7+ 34. Kg1 Qc1+ 35. Kh2 Qe1 36. Qc5 Qe8 37. Qc7+ Qd7 38. Qxd7+ Nxd7 39. Kg3 Kf8 40. Kf3 Ke7 41. Ke3 Kd6 42. Kd4 Nb8 43. f4 1/2-1/2

[Event "Ricany op-A"]
[Site "Ricany"]
[Date "2019.08.29"]
[Round "7"]
[White "Vavrinec, Tomas"]
[Black "Stepanek, Svatopluk"]
[Result "0-1"]
[WhiteElo "1994"]
[BlackElo "1822"]
[PlyCount "72"]
[EventDate "2019.08.24"]
[EventType "swiss"]
[EventRounds "9"]
[EventCountry "CZE"]
[SourceTitle "EXT 2020"]
[Source "ChessBase"]
[SourceDate "2019.10.17"]
[SourceVersion "1"]
[SourceVersionDate "2019.10.17"]
[SourceQuality "1"]

1. c4 e5 2. Nc3 c6 3. d4 Bd6 4. Nf3 exd4 5. Qxd4 Qf6 6. Be3 Qxd4 7. Bxd4 f6 8. 0-0-0 Be7 9. e4 Nh6 10. h3 0-0 11. g4 Na6 12. Be3 Nf7 13. Be2 Nc7 14. Nd4 d6 15. Rd2 Re8 16. Bd1 Bf8 17. Bb3 Ne6 18. Nf5 Nc5 19. Bc2 Be6 20. b3 a6 21. Nd4 Bc8 22. f3 Ne6 23. Nf5 b5 24. Bd3 b4 25. Na4 Nc5 26. Nxc5 dxc5 27. Be2 a5 28. Bd1 Be6 29. Bc2 g6 30. Ng3 a4 31. f4 axb3 32. Bxb3 Nd6 33. Bxc5 Nxc4 34. Bxc4 Bxc5 35. Bxe6+ Rxe6 36. Re1 b3 0-1

[Event "Prague Golden rap op 15th"]
[Site "Prague"]
[Date "2019.06.30"]
[Round "5"]
[White "Vavrinec, Tomas"]
[Black "Soural, Karel"]
[Result "1-0"]
[WhiteElo "1994"]
[BlackElo "1935"]
[PlyCount "92"]
[EventDate "2019.06.30"]
[EventType "swiss (rapid)"]
[EventRounds "7"]
[EventCountry "CZE"]
[SourceTitle "CBM 191 Extra"]
[Source "ChessBase"]
[SourceDate "2019.09.30"]
[SourceVersion "1"]
[SourceVersionDate "2019.09.30"]
[SourceQuality "1"]

1. c4 c5 2. Nc3 Nc6 3. g3 g6 4. Bg2 Bg7 5. Nf3 e5 6. 0-0 Nge7 7. d3 0-0 8. Bg5 f6 9. Bd2 d5 10. cxd5 Nxd5 11. Nxd5 Qxd5 12. Be3 Bd7 13. Ng5 Qd6 14. Qb3+ Kh8 15. Ne4 Qe6 16. Qxe6 Bxe6 17. Nxc5 Bc8 18. Rac1 Nd4 19. Bxd4 exd4 20. Rc4 Rb8 21. Nb3 Be6 22. Rc7 Bxb3 23. axb3 Rfe8 24. Bf3 Bf8 25. Rfc1 Bd6 26. Rd7 Rbd8 27. Rxd8 Rxd8 28. Bxb7 Rb8 29. Bd5 Kg7 30. Rc6 Rd8 31. Bf3 Kf7 32. b4 Ke7 33. Ra6 Rd7 34. b5 Bc5 35. Rc6 Bb6 36. Rc8 Rc7 37. Rh8 Kd6 38. Bc6 Kc5 39. Rf8 f5 40. Be8 Rc8 41. Rg8 Kb4 42. Kg2 Rc7 43. Kf3 Kb3 44. e3 Kxb2 45. e4 fxe4+ 46. Kxe4 Kc2 1-0

[Event "CZE-chT2A 1819"]
[Site "Czech Republic"]
[Date "2019.02.24"]
[Round "9.8"]
[White "Vavrinec, Tomas"]
[Black "Kandrik, Antonin"]
[Result "0-1"]
[WhiteElo "1986"]
[BlackElo "2136"]
[PlyCount "186"]
[EventDate "2018.10.14"]
[EventType "team-tourn"]
[EventRounds "11"]
[EventCountry "CZE"]
[SourceTitle "EXT 2022"]
[Source "ChessBase"]
[SourceDate "2021.10.06"]
[SourceVersion "1"]
[SourceVersionDate "2021.10.06"]
[SourceQuality "1"]
[WhiteTeam "Ricany II"]
[BlackTeam "Pribram Banik"]
[WhiteTeamCountry "CZE"]
[BlackTeamCountry "CZE"]

1. c4 Nf6 2. Nc3 e6 3. e4 d5 4. e5 d4 5. exf6 dxc3 6. bxc3 Qxf6 7. Nf3 c5 8. d4 cxd4 9. Bg5 Qf5 10. Bd3 Qa5 11. 0-0 dxc3 12. Be4 Nd7 13. Qc2 h6 14. Bh4 g5 15. Bg3 Be7 16. Rab1 Nc5 17. Rb5 Qa3 18. Be5 Rf8 19. Bg7 Bd7 20. Bxf8 Bxf8 21. Bxb7 Bxb5 22. Bxa8 Ba4 23. Qe2 c2 24. Qd2 Nd3 25. Bc6+ Bxc6 26. Qxc2 Bxf3 27. gxf3 Ne5 28. Qe4 Nxf3+ 29. Kh1 Nd2 30. Qc6+ Ke7 31. Rd1 Qf3+ 32. Qxf3 Nxf3 33. Rb1 Kf6 34. Rb5 Ne5 35. Ra5 Nxc4 36. Rxa7 Na3 37. Kg2 Bd6 38. Ra6 Ke5 39. Ra5+ Kd4 40. Ra7 f5 41. Rh7 g4 42. Rxh6 Kd5 43. h4 gxh3+ 44. Rxh3 e5 45. Rd3+ Ke6 46. Rc3 e4 47. f3 Nb5 48. Re3 Bc5 49. Rb3 Nd4 50. fxe4 fxe4 51. Rc3 Kd5 52. Kf1 Bb4 53. Rh3 Bd2 54. Kf2 Kc4 55. Ra3 Nc2 56. Ra4+ Kd3 57. Rxe4 Kxe4 58. Ke2 Bb4 59. Kf2 Ba3 60. Ke2 Nb4 61. Kd2 Kd4 62. Ke2 Nxa2 63. Kf3 Bd6 64. Kg4 Ke4 65. Kg5 Nb4 66. Kg4 Nd5 67. Kh3 Kf3 68. Kh4 Nb6 69. Kg5 Ke4 70. Kg4 Nc8 71. Kg5 Be5 72. Kg4 Bf4 73. Kh4 Ne7 74. Kg4 Ke3 75. Kh3 Nf5 76. Kg2 Ng3 77. Kh2 Kf3 78. Kg1 Be3+ 79. Kh2 Bf2 80. Kh3 Bg1 81. Kh4 Ne4 82. Kh3 Ng5+ 83. Kh4 Kf4 84. Kh5 Kf5 85. Kh4 Bf2+ 86. Kh5 Bg3 87. Kh6 Ne6 88. Kh5 Ng7+ 89. Kh6 Kf6 90. Kh7 Kf7 91. Kh8 Bf4 92. Kh7 Ne6 93. Kh8 Bg5 0-1

[Event "CZE-chT2A 1819"]
[Site "Czech Republic"]
[Date "2019.01.13"]
[Round "6.7"]
[White "Vavrinec, Tomas"]
[Black "Janocko, Petr"]
[Result "0-1"]
[WhiteElo "1986"]
[BlackElo "2072"]
[PlyCount "65"]
[EventDate "2018.10.14"]
[EventType "team-tourn"]
[EventRounds "11"]
[EventCountry "CZE"]
[SourceTitle "EXT 2022"]
[Source "ChessBase"]
[SourceDate "2021.10.06"]
[SourceVersion "1"]
[SourceVersionDate "2021.10.06"]
[SourceQuality "1"]
[WhiteTeam "Ricany II"]
[BlackTeam "Line"]
[WhiteTeamCountry "CZE"]
[BlackTeamCountry "CZE"]

1. Nf3 Nf6 2. c4 c6 3. g3 d5 4. Bg2 g6 5. b3 Bg7 6. Bb2 0-0 7. 0-0 Bf5 8. d3 Qb6 9. Nc3 Rd8 10. Rc1 dxc4 11. Na4 Qc7 12. bxc4 Na6 13. Qb3 Bc8 14. d4 Qa5 15. Ne5 Ng4 16. Bc3 Qc7 17. Nxg4 Bxg4 18. f3 Be6 19. Rfd1 b5 20. Nb2 b4 21. Be1 Rxd4 22. Bf2 Rxd1+ 23. Rxd1 Bxb2 24. Qxb2 Bxc4 25. Be3 Rd8 26. Rxd8+ Qxd8 27. Bxa7 c5 28. Qe5 Qd6 29. Qe4 Bxa2 30. f4 Be6 31. Qa8+ Kg7 32. Qb7 b3 33. Be4 0-1

[Event "Ricany op-A"]
[Site "Ricany"]
[Date "2018.08.27"]
[Round "4"]
[White "Vavrinec, Tomas"]
[Black "Kyselka, Daniel"]
[Result "1-0"]
[WhiteElo "1986"]
[BlackElo "1760"]
[PlyCount "57"]
[EventDate "2018.08.25"]
[EventType "swiss"]
[EventRounds "9"]
[EventCountry "CZE"]
[SourceTitle "EXT 2019"]
[Source "ChessBase"]
[SourceDate "2018.10.10"]
[SourceVersion "1"]
[SourceVersionDate "2018.10.10"]
[SourceQuality "1"]

1. c4 e5 2. Nc3 c5 3. Nf3 Nc6 4. g3 g6 5. d3 Bg7 6. Bg2 Nge7 7. Bg5 f6 8. Bd2 0-0 9. 0-0 d6 10. a3 a5 11. Rb1 Be6 12. Ne1 d5 13. cxd5 Nxd5 14. Nc2 Nxc3 15. bxc3 Qd7 16. c4 Rfb8 17. Ne3 Ne7 18. Rb5 Bf8 19. Qb1 Ra7 20. Bxa5 f5 21. Bb6 Ra6 22. Bxc5 f4 23. Bxe7 fxe3 24. Bxf8 Rxf8 25. fxe3 Rxf1+ 26. Qxf1 Rxa3 27. Rxb7 Qd8 28. Bd5 Bxd5 29. cxd5 1-0

[Event "Prague Golden rap op 13th"]
[Site "Prague"]
[Date "2017.07.01"]
[Round "4"]
[White "Vavrinec, Tomas"]
[Black "Bily, Michal"]
[Result "1/2-1/2"]
[WhiteElo "2068"]
[BlackElo "1883"]
[PlyCount "114"]
[EventDate "2017.07.01"]
[EventType "swiss (rapid)"]
[EventRounds "7"]
[EventCountry "CZE"]
[SourceTitle "EXT 2018"]
[Source "ChessBase"]
[SourceDate "2017.10.13"]
[SourceVersion "1"]
[SourceVersionDate "2017.10.13"]
[SourceQuality "1"]

1. c4 g6 2. Nc3 Bg7 3. g3 d6 4. Bg2 Nf6 5. Nf3 e5 6. 0-0 0-0 7. d3 c6 8. Rb1 Nbd7 9. b4 h6 10. b5 Qc7 11. Bb2 a6 12. a4 axb5 13. cxb5 Nc5 14. Qc2 Be6 15. Ba3 Ncd7 16. bxc6 bxc6 17. Nb5 Qa5 18. Qxc6 Bd5 19. Qxd6 Ra6 20. Qc7 Re8 21. Qxa5 Rxa5 22. Nc7 Rc8 23. Nxd5 Nxd5 24. Rb7 N5b6 25. Rb1 Rxa4 26. Bd6 Rc6 27. Bxe5 Rc2 28. Bxg7 Kxg7 29. e3 Raa2 30. Rf1 Rab2 31. Nd4 Rd2 32. Bc6 Ne5 33. Be4 Kf8 34. Nf3 Rdc2 35. d4 Nxf3+ 36. Bxf3 Rd2 37. d5 h5 38. e4 f6 39. h4 Rb3 40. Kg2 Rdd3 41. Be2 Rd2 42. Ba6 g5 43. hxg5 fxg5 44. e5 Rbb2 45. d6 Nd5 46. Rxb2 Rxb2 47. d7 Ke7 48. Bc8 Ne3+ 49. Kg1 Nxf1 50. Kxf1 h4 51. gxh4 gxh4 52. Kg2 Rb3 53. e6 Rd3 54. f3 h3+ 55. Kxh3 Rxf3+ 56. Kg4 Rf6 57. Kg5 Rxe6 1/2-1/2